LEADER 01366nam0 2200349 i 450 001 UBO1477094 005 20231121125856.0 010 $a8870787176 020 $aIT$b2002-10742 100 $a20160126d2001 ||||0itac50 ba 101 | $aita 102 $ait 181 1$6z01$ai $bxxxe 182 1$6z01$an 200 1 $a˜La œconsulenza di processo$ecome costruire le relazioni d'aiuto e promuovere lo sviluppo organizzativo$fEdgar H. Schein 210 $aMilano$cR. Cortina$d2001 215 $aXIX, 270 p.$d23 cm 225 | $aIndividuo gruppo organizzazione$i. Theatrum 300 $aTrad. di Maria Colombo. 410 0$1001CFI0549510$12001 $aIndividuo gruppo organizzazione$i. Theatrum 500 10$aProcess consultation revisited.$3UBO1487217$9CFIV113853$93640233 606 $aConsulenza aziendale$2FIR$3CFIC046220$9I 676 $a658.46$9$v21 700 1$aSchein$b, Edgar H.$3CFIV113853$4070$0108419 801 3$aIT$bIT-01$c20160126 850 $aIT-FR0099 899 $aBiblioteca Area Ingegneristica$bFR0099 912 $aUBO1477094 950 0$aBiblioteca Area Ingegneristica$d 54DMS 658.4 SCH$e 54VM 0000385505 VM barcode:BAIN004737. - Inventario:1156MVM$fA $h20040126$i20121204 977 $a 54 996 $aProcess consultation revisited$93640233 997 $aUNICAS